| 000 | 00353nam a2200145Ia 4500 | ||
|---|---|---|---|
| 008 | 230917s9999||||xx |||||||||||||| ||und|| | ||
| 040 |
_e49354 _aMAIN |
||
| 041 | _aEnglish | ||
| 082 | _a823.7 D555H | ||
| 100 | _aDickens, Charles | ||
| 245 | 0 | _aHard times for these times | |
| 260 |
_aGreat Britain _bPanther _c1977 |
||
| 300 | _a303 p. | ||
| 942 | _cBK | ||
| 999 |
_c199801 _d199801 |
||